Computational approaches for aerospace design : (Record no. 594177)
[ view plain ]
| 000 -LEADER | |
|---|---|
| fixed length control field | 01408cam a22003374a 4500 |
| 001 - CONTROL NUMBER | |
| control field | 13986046 |
| 005 - DATE AND TIME OF LATEST TRANSACTION | |
| control field | 20230322190238.0 |
| 008 - FIXED-LENGTH DATA ELEMENTS--GENERAL INFORMATION | |
| fixed length control field | 050531s2005 enkaf b 001 0 eng |
| 010 ## - LIBRARY OF CONGRESS CONTROL NUMBER | |
| LC control number | 2005044335 |
| 016 7# - NATIONAL BIBLIOGRAPHIC AGENCY CONTROL NUMBER | |
| Record control number | 013118327 |
| Source | Uk |
| 020 ## - INTERNATIONAL STANDARD BOOK NUMBER | |
| International Standard Book Number | 0470855401 |
| 035 ## - SYSTEM CONTROL NUMBER | |
| System control number | (OCoLC)ocm60557355 |
| 040 ## - CATALOGING SOURCE | |
| Original cataloging agency | DLC |
| Transcribing agency | DLC |
| Modifying agency | BWKUK |
| -- | BAKER |
| -- | UKM |
| -- | DLC |
| 042 ## - AUTHENTICATION CODE | |
| Authentication code | pcc |
| 050 00 - LIBRARY OF CONGRESS CALL NUMBER | |
| Classification number | TL563 |
| Item number | .K43 2005 |
| 082 00 - DEWEY DECIMAL CLASSIFICATION NUMBER | |
| Classification number | 29.10285 |
| Edition number | 22 |
| Author Mark | KEA |
| 100 1# - MAIN ENTRY--PERSONAL NAME | |
| Personal name | Keane, A. J. |
| 9 (RLIN) | 111238 |
| 245 10 - TITLE STATEMENT | |
| Title | Computational approaches for aerospace design : |
| Remainder of title | the pursuit of excellence / |
| Statement of responsibility, etc. | Andy J. Keane, Prasanth B. Nair. |
| 260 ## - PUBLICATION, DISTRIBUTION, ETC. | |
| Place of publication, distribution, etc. | Chichester, England ; |
| -- | Hoboken, N.J. : |
| Name of publisher, distributor, etc. | Wiley, |
| Date of publication, distribution, etc. | c2005. |
| 300 ## - PHYSICAL DESCRIPTION | |
| Extent | xx, 582 p., [4] p. of plates : |
| Other physical details | ill. (some col.) ; |
| Dimensions | 25 cm. |
| 504 ## - BIBLIOGRAPHY, ETC. NOTE | |
| Bibliography, etc. note | Includes bibliographical references (p. [549]-573) and index. |
| 650 #0 - SUBJECT ADDED ENTRY--TOPICAL TERM | |
| Topical term or geographic name entry element | Aerospace engineering |
| General subdivision | Data processing. |
| 9 (RLIN) | 1711 |
| 650 #0 - SUBJECT ADDED ENTRY--TOPICAL TERM | |
| Topical term or geographic name entry element | Aerospace engineering |
| General subdivision | Mathematics. |
| 9 (RLIN) | 111239 |
| 700 1# - ADDED ENTRY--PERSONAL NAME | |
| Personal name | Nair, P. B. |
| 9 (RLIN) | 111240 |
| 856 42 - ELECTRONIC LOCATION AND ACCESS | |
| Materials specified | Publisher description |
| Uniform Resource Identifier | <a href="http://www.loc.gov/catdir/enhancements/fy0624/2005044335-d.html">http://www.loc.gov/catdir/enhancements/fy0624/2005044335-d.html</a> |
| 856 41 - ELECTRONIC LOCATION AND ACCESS | |
| Materials specified | Table of contents only |
| Uniform Resource Identifier | <a href="http://www.loc.gov/catdir/enhancements/fy0624/2005044335-t.html">http://www.loc.gov/catdir/enhancements/fy0624/2005044335-t.html</a> |
| 906 ## - LOCAL DATA ELEMENT F, LDF (RLIN) | |
| a | 7 |
| b | cbc |
| c | orignew |
| d | 1 |
| e | ocip |
| f | 20 |
| g | y-gencatlg |
| 942 ## - ADDED ENTRY ELEMENTS (KOHA) | |
| Source of classification or shelving scheme | |
| Koha item type | Book |
| Withdrawn status | Lost status | Source of classification or shelving scheme | Damaged status | Not for loan | Permanent Location | Current Location | Shelving location | Date acquired | Full call number | Barcode | Date last seen | Price effective from | Koha item type |
|---|---|---|---|---|---|---|---|---|---|---|---|---|---|
| School of Mechanical & Manufacturing Engineering (SMME) | School of Mechanical & Manufacturing Engineering (SMME) | Aerospace Engineering | 03/22/2023 | 29.10285 KEA | SMME-3965 | 03/22/2023 | 03/22/2023 | Book |
